Betriebswirtschaftliche Statistik ein Leitfaden, mit Aufgaben zur Betriebsanalyse und betriebswirtschaftlichen Statistik
Gespeichert in:
| Format: | Buch |
|---|---|
| Sprache: | Deutsch |
| Veröffentlicht: |
Zürich
Schweizerischer Kaufmännischer Verein
1946
|
| Ausgabe: | 4. Auflage |
| Tags: |
Keine Tags, Fügen Sie das erste Tag hinzu!
|
MARC
| LEADER | 00000nam a2200000 4500 | ||
|---|---|---|---|
| 001 | 0308269 | ||
| 005 | 20250425104120.1 | ||
| 041 | 0 | |a ger | |
| 044 | |a CH | ||
| 245 | 1 | 0 | |a Betriebswirtschaftliche Statistik |b ein Leitfaden, mit Aufgaben zur Betriebsanalyse und betriebswirtschaftlichen Statistik |c Adolf Graf |
| 250 | |a 4. Auflage | ||
| 264 | 1 | |a Zürich |b Schweizerischer Kaufmännischer Verein |c 1946 | |